[Event "Tournament  Mega Chess"]
[Site "SchemingMind.com"]
[Date "2007.10.03"]
[Round "-"]
[White "Archon"]
[Black "Lazaro"]
[Result "1/2-1/2"]
[WhiteCountry "CAN"]
[BlackCountry "CUB"]
[WhiteElo "1774"]
[WhiteRD "50"]
[BlackElo "1874"]
[BlackRD "51"]
[GameID "123069"]

1. Nf3 Nf6 2. c4 c5 3. g3 d5 4. cxd5 Nxd5 5. Bg2 Nc6 6. Nc3 Nxc3 7. bxc3 e5 8. O-O Be6 9. d3 Be7 10. d4 exd4
11. cxd4 cxd4 12. Bb2 Bf6 13. Qd2 Qd7 14. Rac1 O-O 15. Rfd1 Bxa2 16. Nxd4 Nxd4 17. Bxd4 Qe6 18. Bxf6 gxf6 19. Bxb7 Rad8 20. Qxd8 Rxd8
21. Rxd8+ Kg7 22. Ra8 Qxe2 23. Rxa7 Qb2 24. Rc7 Be6 25. h4 Qb1+ 26. Kg2 Qb5 27. Bf3 Qb3 28. Rab7 Qa2=
1/2-1/2

[Event "Tournament  Mega Chess"]
[Site "SchemingMind.com"]
[Date "2007.10.03"]
[Round "-"]
[White "Lazaro"]
[Black "Archon"]
[Result "0-1"]
[WhiteCountry "CUB"]
[BlackCountry "CAN"]
[WhiteElo "1595"]
[WhiteRD "46"]
[BlackElo "1790"]
[BlackRD "54"]
[GameID "123070"]

1. e4 d6 2. d4 Nf6 3. Nc3 g6 4. Nf3 Bg7 5. Be2 O-O 6. h3 Nc6 7. d5 Nb8 8. Bf4 c6 9. dxc6 bxc6 10. O-O c5
11. Qd2 Re8 12. e5 dxe5 13. Qxd8 Rxd8 14. Bxe5 Nc6 15. Bf4 Bb7 16. a3 Nd4 17. Nxd4 cxd4 18. Nd1 Rac8 19. Bd3 Nd5 20. Bd2 Nf6
21. Re1 Nd5 22. Ba5 Rd7 23. Be4 e6 24. Bd2 f5 25. Bd3 e5
0-1

[Event "Tournament  Mega Chess"]
[Site "SchemingMind.com"]
[Date "2007.10.08"]
[Round "-"]
[White "Dr_Pat"]
[Black "Lazaro"]
[Result "0-1"]
[WhiteCountry "USA"]
[BlackCountry "CUB"]
[WhiteElo "1543"]
[WhiteRD "50"]
[BlackElo "1874"]
[BlackRD "51"]
[GameID "123630"]

1. d4 e6 2. e4 d5 3. Nc3 dxe4 4. Nxe4 Bd7 5. Bd3 Bc6 6. Nf3 Nd7 7. O-O Ngf6 8. Nxf6+ Nxf6 9. Bg5 Be7 10. Bxf6 Bxf6
0-1

[Event "Tournament  Mega Chess"]
[Site "SchemingMind.com"]
[Date "2007.10.07"]
[Round "-"]
[White "Dr_Pat"]
[Black "Archon"]
[Result "0-1"]
[WhiteCountry "USA"]
[BlackCountry "CAN"]
[WhiteElo "1497"]
[WhiteRD "44"]
[BlackElo "1753"]
[BlackRD "50"]
[GameID "123631"]

1. d4 d6 2. e4 Nf6 3. Nc3 g6 4. Nf3 Bg7 5. Be2 O-O 6. O-O Bg4 7. Be3 Nc6 8. d5 Nb8 9. h3 Bxf3 10. Bxf3 c6
11. Ne2 cxd5 12. exd5 Nbd7 13. c3 a5 14. a4 Ne5 15. Ng3 Nxf3+ 16. gxf3 Qd7 17. Kg2 Nh5 18. Nxh5 gxh5 19. f4 Kh8 20. Qxh5 Rg8
21. Kh2 e6 22. Rg1 Bf6 23. Rxg8+ Rxg8 24. Rb1 Qd8 25. c4 b6 26. Qxf7 e5 27. fxe5 Bxe5+ 28. Bf4 Qg5 29. Kh1 Qg2#
0-1

[Event "Tournament  Mega Chess"]
[Site "SchemingMind.com"]
[Date "2007.10.08"]
[Round "-"]
[White "Archon"]
[Black "Dr_Pat"]
[Result "1-0"]
[WhiteCountry "CAN"]
[BlackCountry "USA"]
[WhiteElo "1753"]
[WhiteRD "50"]
[BlackElo "1497"]
[BlackRD "44"]
[GameID "123633"]

1. Nf3 Nf6 2. c4 d5 3. g3 dxc4 4. Qc2 e5 5. Nxe5 Qd5 6. Nf3 Bf5 7. Qa4+ Nc6 8. Nc3 Qc5 9. Bg2 O-O-O 10. O-O Bd6
11. a3 Ne4 12. Nxe4 Bxe4 13. b4 Qb6 14. Bb2 f6 15. Bc3 Bxf3 16. Bxf3 a6 17. Rac1 Ne5 18. Bg2 h5 19. Qc2 h4 20. e3 Ng4
21. Bh3 f5 22. Bxg4 fxg4 23. Qf5+ Kb8 24. Qxg4 hxg3 25. fxg3 Be7 26. Qf3 Qh6 27. Qg2 Rh7 28. Rf2 Rdh8 29. Rcf1 b6 30. Be5 a5
31. Bf4 Bg5 32. bxa5 Bxf4 33. exf4 bxa5 34. Rb1+ Kc8 35. Re2
1-0

[Event "Tournament  Mega Chess"]
[Site "SchemingMind.com"]
[Date "2007.10.09"]
[Round "-"]
[White "Negrito19"]
[Black "Dr_Pat"]
[Result "0-1"]
[WhiteCountry "ARG"]
[BlackCountry "USA"]
[WhiteElo "1655"]
[WhiteRD "64"]
[BlackElo "1497"]
[BlackRD "44"]
[GameID "123803"]

1. e4 c5 2. d4 cxd4 3. Qxd4 Nc6 4. Qa4 Nf6 5. Nc3 e5 6. a3 Be7 7. Bg5 O-O 8. O-O-O a6 9. Nf3 d6 10. h3 Bd7
11. Qb3 b5 12. Bxf6 Bxf6 13. Rxd6 Nd4 14. Nxd4 exd4 15. Nd5 Bg5+ 16. f4 Be7 17. Nxe7+ Qxe7 18. Rxd4 Be6 19. Qb4 Qh4 20. e5 Rfd8
21. Re4 Bf5 22. Re3 Rac8 23. g3 Qh5 24. Be2 Rxc2+ 25. Kb1 Rxe2+ 26. Ka1 Rxe3 27. Rh2 Rd1+ 28. Ka2 Be6+ 29. b3 Re2+ 30. Rxe2 Qxe2+
31. Qd2 Qxd2#
0-1

[Event "Tournament  Mega Chess"]
[Site "SchemingMind.com"]
[Date "2007.10.09"]
[Round "-"]
[White "Negrito19"]
[Black "Lazaro"]
[Result "1-0"]
[WhiteCountry "ARG"]
[BlackCountry "CUB"]
[WhiteElo "1610"]
[WhiteRD "63"]
[BlackElo "1507"]
[BlackRD "47"]
[GameID "123804"]

1. e4 c5 2. Bc4 d6 3. Nc3 Nc6 4. Nf3 Nf6 5. d3 a6 6. Bg5 Bg4 7. h3 Bh5 8. g4 Bg6 9. a3 h5 10. Nh4 hxg4
11. hxg4 Qd7 12. Bxf6 gxf6 13. Qf3 O-O-O 14. O-O-O Ne5 15. Qg2 Bh6+ 16. Kb1 Nxc4 17. dxc4 Bg5 18. Nd5 Kb8 19. Nxg6 fxg6 20. Rxh8 Rxh8
21. f4 Bh6 22. Rh1 Bg7 23. Rxh8+ Bxh8 24. Qh3
1-0

[Event "Tournament  Mega Chess"]
[Site "SchemingMind.com"]
[Date "2007.10.09"]
[Round "-"]
[White "Negrito19"]
[Black "Archon"]
[Result "1-0"]
[WhiteCountry "ARG"]
[BlackCountry "CAN"]
[WhiteElo "1655"]
[WhiteRD "64"]
[BlackElo "1753"]
[BlackRD "50"]
[GameID "123805"]

1. e4 d6 2. d4 Nf6 3. Nf3 Nxe4 4. Bc4 d5 5. Bb3 Bg4 6. h3 Bxf3 7. Qxf3 e6 8. Bf4 Bd6 9. c4 c6 10. Bxd6 Qxd6
11. c5 Qe7 12. Nc3 Nxc3 13. bxc3 Nd7 14. O-O Qf6 15. Qxf6 Nxf6 16. f3 O-O-O 17. Rad1 Kc7 18. c4 b6 19. cxb6+ axb6 20. cxd5 cxd5
21. Rc1+ Kd6 22. Ba4 Rc8 23. Rb1 Ra8 24. Rxb6+ Kc7 25. Rc6+ Kb7 26. Rb1+ Ka7 27. Rc7+ Ka6 28. Bb5+ Ka5 29. a4 Rhf8 30. Rc5 Kb6
31. Bc6+ Ka6 32. Bxa8 Rxa8 33. Rbb5 Re8 34. Rc6+ Ka7 35. a5 Rb8 36. Rxb8 Kxb8 37. Rd6 Ka7 38. Kf2 h5 39. Ke3 g5 40. g4 h4
41. Kd3 Kb7 42. Kc3 Ne8 43. Rd7+ Ka6 44. Kb4 e5 45. dxe5
1-0

[Event "Tournament  Mega Chess"]
[Site "SchemingMind.com"]
[Date "2007.10.09"]
[Round "-"]
[White "Dr_Pat"]
[Black "Negrito19"]
[Result "0-1"]
[WhiteCountry "USA"]
[BlackCountry "ARG"]
[WhiteElo "1497"]
[WhiteRD "44"]
[BlackElo "1655"]
[BlackRD "64"]
[GameID "123806"]

1. d4 d5 2. c4 e6 3. e3 c5 4. cxd5 exd5 5. Nf3 Nf6 6. Nc3 Bg4 7. Be2 cxd4 8. exd4 Bb4 9. O-O O-O 10. Bg5 Bxc3
11. bxc3 h6 12. Bxf6 Qxf6 13. h3 Bxf3 14. Bxf3 Rd8 15. Qb3 Nc6 16. Bxd5 Na5 17. Qb5 Qg5 18. Qxa5 Rxd5 19. Qc7 b6 20. f4 Qf5
21. g4 Rc8 22. Qxa7 Qd3 23. Qb7 Qg3+ 24. Kh1 Qxh3+ 25. Kg1 Qxg4+ 26. Kh1 Rh5#
0-1

[Event "Tournament  Mega Chess"]
[Site "SchemingMind.com"]
[Date "2007.10.09"]
[Round "-"]
[White "Lazaro"]
[Black "Negrito19"]
[Result "0-1"]
[WhiteCountry "CUB"]
[BlackCountry "ARG"]
[WhiteElo "1507"]
[WhiteRD "47"]
[BlackElo "1610"]
[BlackRD "63"]
[GameID "123807"]

1. e4 e5 2. Nf3 d6 3. d4 Bg4 4. dxe5 Bxf3 5. Qxf3 dxe5 6. Bc4 Qf6 7. Qb3 Bc5 8. O-O Nc6 9. Qxb7 Rd8 10. Bb5 Ne7
11. Qxc7 O-O 12. Nc3 Bb6 13. Nd5 Nxd5 14. exd5 Bxc7 15. Bxc6 Rd6 16. Be3 a5 17. Bc5 Rxc6 18. dxc6 Bd6 19. Bb6 Ra8 20. c3 Ra6
21. Be3 Rxc6 22. Rfd1 Bc5 23. Bxc5 Rxc5 24. Rd7 g6 25. Rc1 Qe6 26. Rd8+ Kg7
0-1

[Event "Tournament  Mega Chess"]
[Site "SchemingMind.com"]
[Date "2007.10.09"]
[Round "-"]
[White "Archon"]
[Black "Negrito19"]
[Result "1-0"]
[WhiteCountry "CAN"]
[BlackCountry "ARG"]
[WhiteElo "1774"]
[WhiteRD "50"]
[BlackElo "1638"]
[BlackRD "65"]
[GameID "123808"]

1. Nf3 d5 2. c4 Nf6 3. g3 c6 4. Bg2 Bf5 5. cxd5 Nxd5 6. Nc3 e6 7. d3 Bb4 8. Bd2 Qa5 9. Nxd5 Bxd2+ 10. Qxd2 Qxd5
11. O-O Qb5 12. Nd4 Qe5 13. Nxf5 Qxf5 14. b4 a6 15. a4 a5 16. b5 cxb5 17. Bxb7 Ra7 18. Be4 Qe5 19. axb5 Qxb5 20. Rfb1 Qe5
21. Ra4 O-O 22. Rba1 f5 23. Bf3 Rc8 24. Rxa5 Rxa5 25. Rxa5 Qc7 26. Qa2 Qc1+ 27. Kg2 Re8 28. Re5 Qh6 29. Qa4 Re7 30. Qa8 Re8
31. Bc6 Qf6 32. Rxf5 exf5 33. Bxe8 Qd8= 34. Bc6 Qc7 35. Bd5+ Kh8 36. Qb7 Qd8= 37. Qf7 Nd7 38. Qe6 Nf6 39. e4 fxe4 40. dxe4 h6
41. h4 Kh7 42. Qf5+ g6 43. Qe6 g5 44. Qf7+ Kh8 45. hxg5 hxg5 46. f4 gxf4 47. gxf4 Qg8+ 48. Qxg8+ Nxg8 49. Bxg8 Kxg8 50. Kg3 Kf7
51. Kg4 Kf6 52. e5+ Ke6 53. Kg5 Kd5 54. Kf6 Ke4 55. f5 Kd5 56. e6 Kd6 57. e7 Kd7 58. Kf7
1-0

[Event "Tournament  Mega Chess"]
[Site "SchemingMind.com"]
[Date "2007.10.09"]
[Round "-"]
[White "piersja"]
[Black "Negrito19"]
[Result "0-1"]
[WhiteCountry "GBR"]
[BlackCountry "ARG"]
[WhiteElo "1348"]
[WhiteRD "95"]
[BlackElo "1622"]
[BlackRD "61"]
[GameID "123955"]

1. d4 d5 2. Nf3 Bg4 3. e3 Nf6 4. Bd3 Nc6 5. O-O e5 6. Nc3 Bb4 7. dxe5 Nxe5 8. a3 Bxc3 9. bxc3 Nh5 10. h3 Bxf3
11. gxf3 Qg5+ 12. Kh2 O-O-O 13. f4 Qf6 14. fxe5 Qxe5+ 15. f4 Qxc3 16. Bd2 Qc6 17. Qxh5 g6 18. Qg5 h6 19. Qe5 Rde8 20. Qc3 Qd6
21. Qb4 c5 22. Qc3 Kb8 23. Bb5 Rc8
0-1

[Event "Tournament  Mega Chess"]
[Site "SchemingMind.com"]
[Date "2007.10.10"]
[Round "-"]
[White "piersja"]
[Black "Archon"]
[Result "0-1"]
[WhiteCountry "GBR"]
[BlackCountry "CAN"]
[WhiteElo "1456"]
[WhiteRD "106"]
[BlackElo "1753"]
[BlackRD "50"]
[GameID "123957"]

1. c4 e5 2. Nc3 Nf6 3. g3 d5 4. cxd5 Nxd5 5. Bg2 Nb6 6. d3 Be7 7. Nf3 Nc6 8. O-O O-O 9. Bg5 Bxg5 10. h4 Be7
11. e3 Bg4 12. d4 exd4 13. exd4 Nxd4 14. Qd3 Nxf3+ 15. Qxf3 Bxf3 16. Bxf3 Bd6 17. Bxb7 Rb8 18. Bc6 Qf6 19. a3 Nc4 20. Nd1 Nxb2
0-1

[Event "Tournament  Mega Chess"]
[Site "SchemingMind.com"]
[Date "2007.10.10"]
[Round "-"]
[White "Dr_Pat"]
[Black "piersja"]
[Result "1-0"]
[WhiteCountry "USA"]
[BlackCountry "GBR"]
[WhiteElo "1497"]
[WhiteRD "44"]
[BlackElo "1456"]
[BlackRD "106"]
[GameID "123958"]

1. d4 e5 2. dxe5 Nc6 3. Nc3 Nxe5 4. e4 Nf6 5. Bg5 Bb4 6. Nf3 d6 7. Be2 O-O 8. O-O c5 9. Nxe5 Bxc3 10. bxc3 h6
11. Bxf6 Qxf6 12. Nc4 Rd8 13. Qd3 Be6 14. f4 d5 15. exd5 Rxd5 16. Qe4 Rad8 17. Ne5 Rxe5 18. Qxe5 Qxe5 19. fxe5 Rd2 20. Bd3 Bd5
21. Rfe1 Rxc2 22. Bxc2 g5 23. a4 h5 24. Be4 Bb3 25. Bxb7 g4 26. Reb1 Bc2 27. Rf1 Kg7 28. a5 Kg6 29. Bc6 f5 30. e6 Bb3
31. e7 Bf7 32. Rab1 h4 33. Rb8
1-0

[Event "Tournament  Mega Chess"]
[Site "SchemingMind.com"]
[Date "2007.10.09"]
[Round "-"]
[White "Negrito19"]
[Black "piersja"]
[Result "1-0"]
[WhiteCountry "ARG"]
[BlackCountry "GBR"]
[WhiteElo "1634"]
[WhiteRD "66"]
[BlackElo "1577"]
[BlackRD "125"]
[GameID "123959"]

1. e4 d5 2. e5 Nc6 3. Bb5 g6 4. d4 Bf5 5. Nc3 e6 6. g4 Be4 7. f3 Qh4+ 8. Ke2 Bxf3+ 9. Nxf3 Qxg4 10. Rg1 Qh5
11. h4 O-O-O 12. Rg5 Qg4 13. Rxg4 Nh6 14. Bxh6 Bxh6 15. Ng5 f5 16. exf6 Ne5 17. dxe5 c6 18. Nxe6 Rde8 19. Nxd5 a6 20. Ne7+ Kb8
21. Qd6+ Ka7 22. Bxc6
1-0

[Event "Tournament  Mega Chess"]
[Site "SchemingMind.com"]
[Date "2007.10.10"]
[Round "-"]
[White "Archon"]
[Black "piersja"]
[Result "1-0"]
[WhiteCountry "CAN"]
[BlackCountry "GBR"]
[WhiteElo "1753"]
[WhiteRD "50"]
[BlackElo "1456"]
[BlackRD "106"]
[GameID "123961"]

1. Nf3 d5 2. c4 e6 3. g3 Nc6 4. Qc2 Nf6 5. Bg2 Bb4 6. O-O O-O 7. a3 Ba5 8. b4 Bb6 9. c5 Bxc5 10. Qxc5 a5
11. Bb2 Ne4 12. Qc1 axb4 13. axb4 Ra6 14. Rxa6 bxa6 15. Qxc6 g5 16. d3 Nd6 17. Qc3 g4 18. Nh4 Bb7 19. Qg7#
1-0

[Event "Tournament  Mega Chess"]
[Site "SchemingMind.com"]
[Date "2007.10.09"]
[Round "-"]
[White "ekulrac"]
[Black "Dr_Pat"]
[Result "1-0"]
[WhiteCountry "SCO"]
[BlackCountry "USA"]
[WhiteElo "1670"]
[WhiteRD "56"]
[BlackElo "1566"]
[BlackRD "47"]
[GameID "123969"]

1. e4 c5 2. Nf3 d6 3. Bc4 Nf6 4. e5 dxe5 5. Nxe5 e6 6. O-O Bd6 7. Qe2 O-O 8. f4 Bxe5 9. fxe5 Nd5 10. Qh5 Nb4
11. Na3 N8c6 12. Rf4 h6 13. Rg4 Nxe5 14. Qxe5 f6 15. Qxc5
1-0

[Event "Tournament  Mega Chess"]
[Site "SchemingMind.com"]
[Date "2007.10.09"]
[Round "-"]
[White "ekulrac"]
[Black "Negrito19"]
[Result "1-0"]
[WhiteCountry "SCO"]
[BlackCountry "ARG"]
[WhiteElo "1670"]
[WhiteRD "56"]
[BlackElo "1634"]
[BlackRD "66"]
[GameID "123970"]

1. e4 e5 2. Nf3 Nc6 3. Bb5 a6 4. Bxc6 dxc6 5. O-O Bg4 6. d3 Qf6 7. Nbd2 Bc5 8. Nb3 Bb6 9. Be3 Bxe3 10. fxe3 O-O-O
11. d4 Qg6 12. Nxe5 Bxd1 13. Nxg6 hxg6 14. Raxd1 f6 15. Nc5 Rh4 16. g3 Rh5 17. Kg2 Rd6 18. g4 Rg5 19. Kf3 Ne7 20. h4 Rf5+
21. exf5 gxf5 22. g5 fxg5 23. hxg5 Rd5 24. Rh1 Ng6 25. Rh7 b6 26. Rxg7 Nh4+ 27. Kg3 bxc5 28. Kxh4 cxd4 29. Rxd4 Re5 30. Rg8+ Kb7
31. Rd3 Re4+ 32. Kh5 c5 33. g6 c4 34. Rc3 a5 35. Rf8 Re5 36. Kg5 Rb5 37. g7 f4+ 38. Kxf4 Rxb2 39. g8=Q Rxa2 40. Qd5+ c6
41. Qd7+ Kb6 42. Rb8+ Kc5 43. Qd4#
1-0

[Event "Tournament  Mega Chess"]
[Site "SchemingMind.com"]
[Date "2007.10.12"]
[Round "-"]
[White "ekulrac"]
[Black "Lazaro"]
[Result "1-0"]
[WhiteCountry "SCO"]
[BlackCountry "CUB"]
[WhiteElo "1809"]
[WhiteRD "62"]
[BlackElo "1507"]
[BlackRD "47"]
[GameID "123971"]

1. e4 e5 2. Nf3 Nc6 3. Bb5 a6 4. Bxc6 dxc6 5. O-O Bg4 6. d3 Qf6 7. Nbd2 Bc5 8. h3 Bh5 9. g4 Bg6 10. Nc4 Bd6
11. Re1 h5 12. g5 Qe6 13. Kg2 O-O-O 14. Nxd6+ Qxd6 15. Be3 h4 16. b4 f5 17. gxf6 gxf6 18. Qb1 Ne7 19. a4 Rdg8 20. Kh2 f5
21. Bc5 Qe6 22. b5 a5 23. b6 Bh5 24. bxc7 Bxf3 25. Rg1 Qh6 26. Be3 f4 27. Bc5 Rxg1 28. Kxg1 Rg8+ 29. Kf1 Kxc7 30. Qb6+ Kc8
31. Rb1 Qe6 32. Qxb7+
1-0

[Event "Tournament  Mega Chess"]
[Site "SchemingMind.com"]
[Date "2007.10.10"]
[Round "-"]
[White "ekulrac"]
[Black "Archon"]
[Result "1-0"]
[WhiteCountry "SCO"]
[BlackCountry "CAN"]
[WhiteElo "1670"]
[WhiteRD "56"]
[BlackElo "1710"]
[BlackRD "51"]
[GameID "123972"]

1. e4 d6 2. Nf3 Nf6 3. Nc3 Bg4 4. d4 e6 5. h3 Bh5 6. Bf4 Nc6 7. a3 Be7 8. g4 Bg6 9. Bd3 d5 10. exd5 Nxd5
11. Bg3 Nxc3 12. bxc3 Bd6 13. O-O Bxg3 14. fxg3 Qd7 15. Ng5 O-O-O 16. Bxg6 hxg6 17. Nxf7 Rxh3 18. Nxd8 Qxd8 19. Kg2 Qd5+ 20. Kxh3
1-0

[Event "Tournament  Mega Chess"]
[Site "SchemingMind.com"]
[Date "2007.10.09"]
[Round "-"]
[White "ekulrac"]
[Black "piersja"]
[Result "1-0"]
[WhiteCountry "SCO"]
[BlackCountry "GBR"]
[WhiteElo "1670"]
[WhiteRD "56"]
[BlackElo "1577"]
[BlackRD "125"]
[GameID "123973"]

1. e4 e5 2. Nf3 Nc6 3. Bb5 Nf6 4. O-O Nxe4 5. Bxc6 dxc6 6. Re1 Bc5 7. Rxe4 f6 8. d3 O-O 9. Be3 Re8 10. Bxc5 Qd5
11. Ba3 Bf5 12. Nc3 Qd7 13. Re1 b5 14. Bc5 a5 15. Ne4 a4 16. Nh4 Bxe4 17. dxe4 Rad8 18. Qxd7 Rxd7 19. Rad1 Rdd8 20. Nf5 g6
21. Ne7+ Kf8 22. Nxc6+ Kg7 23. Nxd8 h5 24. Rd7+ Kh6 25. h4 g5 26. Be3 Kg6 27. Red1 gxh4 28. Rxc7 Rg8 29. Rdd7
1-0

[Event "Tournament  Mega Chess"]
[Site "SchemingMind.com"]
[Date "2007.10.09"]
[Round "-"]
[White "Dr_Pat"]
[Black "ekulrac"]
[Result "0-1"]
[WhiteCountry "USA"]
[BlackCountry "SCO"]
[WhiteElo "1566"]
[WhiteRD "47"]
[BlackElo "1670"]
[BlackRD "56"]
[GameID "123974"]

1. d4 e6 2. e4 c5 3. Nf3 d5 4. exd5 exd5 5. Bb5+ Bd7 6. Bxd7+ Nxd7 7. O-O Ngf6 8. Nc3 Rc8 9. Bg5 Be7 10. Bxf6 Nxf6
11. Qe2 O-O 12. Rfe1 Bd6 13. Ne5 cxd4 14. Nb5 Bc5 15. Rad1 Qb6 16. Kh1 a6 17. Na3 Qxb2 18. Nb1 Qxa2 19. c3 Qxe2 20. Rxe2 dxc3
21. Nxc3 Bxf2 22. Rxf2 Rxc3
0-1

[Event "Tournament  Mega Chess"]
[Site "SchemingMind.com"]
[Date "2007.10.09"]
[Round "-"]
[White "Negrito19"]
[Black "ekulrac"]
[Result "0-1"]
[WhiteCountry "ARG"]
[BlackCountry "SCO"]
[WhiteElo "1634"]
[WhiteRD "66"]
[BlackElo "1670"]
[BlackRD "56"]
[GameID "123975"]

1. e4 Nc6 2. d4 e5 3. dxe5 Nxe5 4. f4 Ng6 5. Nc3 Bb4 6. Qf3 Bxc3+ 7. Qxc3 d6 8. Qxg7 Qf6 9. Qxf6 Nxf6 10. Bd3 d5
11. e5 Ne4 12. Nf3 Be6 13. c4 c6 14. cxd5 Bxd5 15. O-O Nc5 16. Bxg6 hxg6 17. b3 O-O-O 18. Bb2 Nd3 19. Bc3 Nxf4 20. e6 Ne2+
21. Kh1 Nxc3 22. Rac1 Nxa2 23. Ra1 Bxb3 24. e7 Rde8 25. Nd4 Bd5 26. Rfe1 Kd7 27. Rab1 b6 28. Rb2 Nc3 29. Re3 Nd1 30. Nxc6 Nxe3
31. Nxa7 Ra8 32. Kg1 Rxa7 33. Re2 Ra1+ 34. Kf2 Ra2 35. Rxa2 Bxa2 36. Kxe3 Rxh2 37. Kf3 Bd5+ 38. Kf4 Rxg2 39. Ke5 Be6 40. Kf6 b5
41. Kg7 Kxe7
0-1

[Event "Tournament  Mega Chess"]
[Site "SchemingMind.com"]
[Date "2007.10.13"]
[Round "-"]
[White "Lazaro"]
[Black "ekulrac"]
[Result "0-1"]
[WhiteCountry "CUB"]
[BlackCountry "SCO"]
[WhiteElo "1507"]
[WhiteRD "47"]
[BlackElo "1809"]
[BlackRD "62"]
[GameID "123976"]

1. e4 Nc6 2. Nf3 e5 3. Bb5 a6 4. Ba4 Nf6 5. O-O b5 6. Bb3 Be7 7. Re1 O-O 8. d4 exd4 9. Nxd4 Nxd4 10. Qxd4 c5
11. Qd1 c4 12. e5 Ne8 13. Bxc4 bxc4 14. Qd5 Rb8 15. Qxc4 Rb4 16. Qe2 Bg5 17. c3 Rb8 18. Nd2 Bb7 19. Nf3 Bxc1 20. Raxc1 Nc7
21. Nd4 Ne6 22. Nf5 Qb6 23. Rcd1 Bc6 24. b3 Bxg2 25. Rxd7 Bh3 26. Ne7+ Kh8 27. Rd6 Qb7 28. Nd5 Bf5 29. Qxa6 Qxa6 30. Rxa6 Ra8
0-1

[Event "Tournament  Mega Chess"]
[Site "SchemingMind.com"]
[Date "2007.10.10"]
[Round "-"]
[White "Archon"]
[Black "ekulrac"]
[Result "0-1"]
[WhiteCountry "CAN"]
[BlackCountry "SCO"]
[WhiteElo "1710"]
[WhiteRD "51"]
[BlackElo "1670"]
[BlackRD "56"]
[GameID "123977"]

1. Nf3 g6 2. e4 d6 3. d4 Bg7 4. Nc3 Bg4 5. Be3 Nd7 6. Be2 Bxf3 7. Bxf3 c5 8. Qd2 Qa5 9. O-O-O cxd4 10. Bxd4 Bxd4
11. Qxd4 Ne5 12. Be2 Nf6 13. f3 Nc6 14. Qa4 O-O 15. Qxa5 Nxa5 16. Nd5 Nxd5 17. Rxd5 Nc6 18. Bb5 Rfc8 19. Rhd1 Nb4
0-1

[Event "Tournament  Mega Chess"]
[Site "SchemingMind.com"]
[Date "2007.10.09"]
[Round "-"]
[White "piersja"]
[Black "ekulrac"]
[Result "0-1"]
[WhiteCountry "GBR"]
[BlackCountry "SCO"]
[WhiteElo "1577"]
[WhiteRD "125"]
[BlackElo "1670"]
[BlackRD "56"]
[GameID "123978"]

1. e4 Nc6 2. Nf3 e5 3. Bb5 Nf6 4. O-O d6 5. Nc3 Bg4 6. h3 Bh5 7. d3 Be7 8. Bg5 O-O 9. Qe2 Nd4 10. Qd2 Bxf3
11. Qe3 Bh5 12. f4 Nxc2 13. Qf2 Nxa1 14. Rxa1 exf4 15. Bxf4 c6 16. Bc4 Qb6 17. Be3 Qc7 18. a4 a5 19. d4 Nxe4 20. Qf4 Nxc3
21. bxc3 Qd7 22. d5 c5 23. Bb5 Qd8 24. g4 Bg6 25. h4 Bf6 26. h5 Be5 27. Qf3 Bc2 28. h6 Qf6 29. Rf1 Qxf3 30. Rxf3 Be4
31. Rf2 Bxd5 32. Bd3 Bxc3 33. Rh2 g6 34. Rf2 Rae8 35. Bf4 Bd4 36. Bxd6 Re1+ 37. Kh2 Rh1+ 38. Kg3 Bxf2+ 39. Kxf2 Re8 40. Bxc5 Rh2+
41. Kg3 Rg2+ 42. Kf4 Bc6 43. Bb5 Bxb5 44. axb5 g5+ 45. Kxg5 Re5+ 46. Kf4 Rxc5 47. Kf3 a4 48. Kxg2 a3 49. Kf3 a2 50. g5 a1=Q
51. Kg4 Qd4+ 52. Kh5 Qf4 53. b6 Qxg5#
0-1

[Event "Tournament  Mega Chess"]
[Site "SchemingMind.com"]
[Date "2007.10.10"]
[Round "-"]
[White "ctrl-reset"]
[Black "Dr_Pat"]
[Result "1-0"]
[WhiteCountry "MAS"]
[BlackCountry "USA"]
[WhiteElo "1674"]
[WhiteRD "131"]
[BlackElo "1497"]
[BlackRD "44"]
[GameID "124096"]

1. e4 c5 2. Nf3 d6 3. Nc3 e5 4. Bb5+ Nc6 5. O-O Nf6 6. d3 Be7 7. Be3 Bd7 8. Nd5 O-O 9. Nxe7+ Nxe7 10. a4 a6
11. Bc4 Rc8 12. Ba2 Qb6 13. Rb1 d5 14. exd5 Nexd5 15. Bxd5 Nxd5 16. Nxe5 Be6 17. c4 Nxe3 18. fxe3 f6 19. Nf3 Rfd8 20. Kh1 Bg4
21. Qe1 Rxd3 22. a5 Qb3 23. Qg3 Bxf3 24. Rxf3 Qxc4 25. Rff1 Re8 26. Rbe1 Rd2 27. h4 Rxb2 28. Rxf6 Qc3 29. Ref1 Re2 30. Qg5 Qxe3
31. Qd5+ Kh8 32. Rf8+
1-0

[Event "Tournament  Mega Chess"]
[Site "SchemingMind.com"]
[Date "2007.10.12"]
[Round "-"]
[White "ctrl-reset"]
[Black "Lazaro"]
[Result "0-1"]
[WhiteCountry "MAS"]
[BlackCountry "CUB"]
[WhiteElo "1507"]
[WhiteRD "97"]
[BlackElo "1856"]
[BlackRD "56"]
[GameID "124098"]

1. e4 c5 2. Nf3 d6 3. Nc3 Nc6 4. Bb5 e5 5. O-O Bd7 6. Nd5 Nf6 7. Nxf6+ Qxf6 8. d3 a6 9. Bc4 b5 10. Bd5 Rc8
11. Bg5 Qg6 12. Qd2 f6
0-1

[Event "Tournament  Mega Chess"]
[Site "SchemingMind.com"]
[Date "2007.10.10"]
[Round "-"]
[White "ctrl-reset"]
[Black "Archon"]
[Result "0-1"]
[WhiteCountry "MAS"]
[BlackCountry "CAN"]
[WhiteElo "1507"]
[WhiteRD "97"]
[BlackElo "1763"]
[BlackRD "53"]
[GameID "124099"]

1. e4 d6 2. d4 Nf6 3. Nf3 Nxe4 4. Bd3 Nf6 5. Nc3 g6 6. Be3 Bg7 7. O-O c6 8. Re1 O-O 9. Qd2 Nbd7 10. Bh6 e6
11. Bxg7 Kxg7 12. Ne4 Nxe4 13. Bxe4 Nf6 14. Bd3 c5 15. c3 Bd7 16. dxc5 dxc5 17. Rad1 Bc6 18. Qe3 Qc7 19. Ne5 Nd7 20. Nxc6 Qxc6
21. Be4 Qc7 22. c4 Rad8 23. Qc3+ Kg8 24. b4 b6 25. b5 Nb8 26. a4 a6 27. g3 a5 28. h4 Rxd1 29. Rxd1 Rd8 30. Rxd8+ Qxd8
31. Kg2 Qd4 32. Qxd4 cxd4 33. f4 f6 34. Kf3 Kf7 35. g4 e5 36. fxe5 fxe5 37. Bd5+ Ke7 38. Ke4 Kd6 39. h5 Nd7 40. Bc6 Nf6+
41. Kf3 gxh5 42. gxh5 Nxh5
0-1

[Event "Tournament  Mega Chess"]
[Site "SchemingMind.com"]
[Date "2007.10.10"]
[Round "-"]
[White "ctrl-reset"]
[Black "ekulrac"]
[Result "0-1"]
[WhiteCountry "MAS"]
[BlackCountry "SCO"]
[WhiteElo "1495"]
[WhiteRD "155"]
[BlackElo "1670"]
[BlackRD "56"]
[GameID "124100"]

1. e4 Nc6 2. Nf3 e5 3. Nc3 d6 4. d4 Bg4 5. Be2 Bxf3 6. gxf3 Nxd4 7. Bf1 Nf6 8. Be3 Ne6 9. Bh3 Be7 10. Rg1 c5
11. Nd5 g6 12. f4 exf4 13. Nxf4 Nxf4 14. Bxf4 Nxe4 15. a3 Qa5+ 16. c3 O-O 17. Qd3 Bf6 18. Kf1 Rfe8 19. Kg2 c4 20. Qf3 Ng5
21. Bxg5 Bxg5 22. Kh1 Bh6 23. Qxb7 Rab8 24. Qd7 Re2 25. Qxd6 Rd8 26. Qf6 Rdd2 27. Rae1 Bg7 28. Qf4 Qb5 29. Rxe2 Rxe2 30. Rd1 Qxb2
31. Rd8+ Bf8 32. Kg1 Qxc3 33. Bf1 Re1 34. Qd6 Qg7 35. Qd2 Re5 36. Bxc4 Rf5 37. Qe3 h5 38. Qxa7 h4 39. Qe3 g5 40. Bd3 Rf4
41. Kf1 Qf6 42. Bh7+ Kg7 43. Rxf8 Kxf8 44. Be4 Qe5
0-1

[Event "Tournament  Mega Chess"]
[Site "SchemingMind.com"]
[Date "2007.10.10"]
[Round "-"]
[White "ctrl-reset"]
[Black "piersja"]
[Result "1-0"]
[WhiteCountry "MAS"]
[BlackCountry "GBR"]
[WhiteElo "1674"]
[WhiteRD "131"]
[BlackElo "1456"]
[BlackRD "106"]
[GameID "124101"]

1. e4 e5 2. Nf3 Nc6 3. d4 exd4 4. Nxd4 Qh4 5. Nc3 Bb4 6. Be2 Nf6 7. O-O O-O 8. Nxc6 bxc6 9. e5 Nd5 10. Nxd5 cxd5
11. Qxd5 d6 12. Qxa8 f6 13. Qd5+ Kh8 14. e6 Re8 15. c3 Bxe6 16. Qc6 Bc5 17. Qxe8+ Bg8 18. Be3 g5 19. Bxc5 dxc5 20. Rad1
1-0